Statystyki dla Najwyższe szczyty Beskidu Żywieckiego

Kliknij tutaj aby rozwiązać quiz!

Ogólne statystyki

  • Ten quiz został rozwiązany 60 razy
  • Średni wynik to 4 z 10

Statystyki odpowiedzi

L.p.WysokośćSzczyt% Poprawnych
11725Babia Góra
100%
31542Pilsko
75%
51517Mała Babia Góra
45%
81366Romanka
41%
21617Gówniak
39%
61369Polica
35%
71367Sokolica
27%
41521Kępa
18%
91356Munczolik
6%
101338Palenica
4%

Rozkład punktacji

Percentyl według liczby udzielonych odpowiedzi

Procent ludzi z każdym wynikiem

Twoja historia wyników

Nie rozwiązałeś tego quizu